000 00593cab a2200205 4500
001 WB3143-07
008 090401t1995 xxu||||| |||| 00| 0 eng d
035 _a(Sirsi) u28587
041 _aeng
245 _aGlaxo Wellcome in property sell-off
260 _c1995
350 _a0
490 _aDaily Telegraph
_v11 November 1995, B3(1)
520 _aA massive property sell-off by Glaxo Wellcome is underway following their merger.
650 _aPROPERTY-COMMERCIAL PROPERTY
650 _aGLAXO WELLCOME
690 _aPROPERTY-COMMERCIAL PROPERTY
942 _n0
948 _c04/03/1997
999 _c19223
_d19223